00802nam a22002777a 4500001000700000003000900007005001700016007000700033008003500040040002200075092001500097100002400112245004900136260004100185300002500226490000900251500001900260586004300279830000900322910001000331942001200341945002800353952010400381956002400485999001500509000201DO-SdBNP20180307130259.0000201151210b 1977 ve a 00| 0 spa d aBPMSUbspacBPMSU axxxxbxxxx1 aHerrero H., Ricardo10aHablemos con Jesús 2 /cRicardo Herrero H. aCaracas ; bEdiciones Co-Bo, c1977. a64 p.;bil.c24 cm. 1 aVida aLibro de texto aPremio Ministerio de Cultura J. Buigas 0aVida a00144 2ddccBK ainventariado, 2018 / dg 00102ddc4070aBPMETbBPMETd2016-03-28eDonaciónl0pBPMSU16030268r2016-03-28w2016-03-28yBK aYngrid Lockwardb10 c9385d9385